000 00583nam a22002057a 4500
003 OSt
005 20150415145416.0
008 150415b xxu||||| |||| 00| 0 eng d
020 _a0632001739
040 _cDNLM
082 _aWN 200 A57x 1981
100 _aArmstrong Peter
_93878
245 _aX-Ray Diagnosis /
_cPeter Armstrong, Martin L Wastie
260 _aOxford:
_bBlackwell Scientific Publications ;
_c1981.
300 _aviii, 344 p :
_bill ;
_c26 cm
504 _aIncludes index.
650 _aX-Ray Diagnosis
_93884
700 _aWastie Martin L
_93880
942 _2z
_cSLOAN
999 _c1472
_d1472